Words that End in "-usty" - Statistics

General Stats
  • This quiz has been taken 2,491 times
  • The average score is 8 of 10
Answer Stats
Answer % Correct
Dusty
96%
Musty
95%
Rusty
94%
Busty
92%
Lusty
91%
Crusty
87%
Gusty
84%
Fusty
68%
Trusty
68%
Untrusty
67%
No matching quizzes found
Score Distribution
Percent of People with Each Score
Percentile by Number Answered
Your Score History
You have not taken this quiz